[Event "EU-Cup 18th"]
[Site "Kallithea"]
[Date "2002.09.23"]
[Round "2.3"]
[White "Pigusov, Evgeny"]
[Black "Miroshnichenko, Evgenij"]
[Result "1-0"]
[WhiteElo "2622"]
[BlackElo "2525"]
[Annotator "Postny,E"]
[PlyCount "81"]
[EventDate "2002.09.22"]
[EventType "team-swiss"]
[EventRounds "7"]
[EventCountry "GRE"]
[SourceTitle "CBM 092"]
[Source "ChessBase"]
[SourceDate "2003.02.06"]
[SourceVersion "1"]
[SourceVersionDate "2003.02.06"]
[SourceQuality "1"]
[WhiteTeam "Tomsk 400"]
[BlackTeam "Momot Alexander"]
[WhiteTeamCountry "RUS"]
[BlackTeamCountry "UKR"]

1. Nf3 Nf6 2. g3 g6 3. c4 Bg7 4. Bg2 d5 5. cxd5 Nxd5 6. O-O Nc6 7. Nc3 Nb6 8.
d3 O-O 9. Be3 e5 ({Another common possibility is} 9... h6 {[%cal Yg8h7]}) 10.
Qd2 {[%csl Gg7][%cal Ye3h6] This is the most popular continuation. The same
idea can be realized by 10.Qc1, while white keeping the d2 square for the
possible knight transfer.} ({Another line is} 10. a4 {- see the commented game
Vaganian,R-Nedev,T/Yerevan 2001/CBM 86 [Postny]}) 10... Re8 11. Bh6 Nd4 $6 {
Inaccuracy. Black should avoid the exchange of the dark-squared BB.} (11... Bh8
12. Rac1 Nd4 13. Nxd4 (13. b4 c6 14. Rfe1 a5 15. bxa5 Rxa5 16. Rb1 Ra7 17. Rb4
Na8 18. Ra4 Rxa4 19. Nxa4 Nc7 $11 {1-0 Ubilava,E-Danailov,S/Zaragoza 1994/TD 
(50)}) 13... exd4 14. Ne4 Nd5 15. Bg5 f6 16. Bh6 c6 17. e3 (17. Rfe1 Rb8 18. b4
Be6 19. Qb2 a6 20. a4 Qb6 21. Bd2 Rbd8 22. a5 Qc7 23. Nc5 f5 24. Nxe6 Rxe6 25.
Qb3 Qf7 26. Rc5 Nc7 $11 {1/2-1/2 Kuporosov,V-Zezulkin,J/Pardubice 1994/EXT 97 
(36)}) 17... f5 18. Bg5 dxe3 19. fxe3 Qc7 20. Nc5 Qd6 21. Kh1 Bf6 22. e4 Bxg5
23. Qxg5 Qe7 $11 {0-1 Arkhipov,S-Leko,P/Nettetal 1992/CBM 28 (60)}) 12. Bxg7
Kxg7 13. Nxd4 $146 ({More precisely seems to me} 13. b4 $1 c6 14. Nxd4 exd4 15.
Ne4 Nd5 16. Qb2 Qb6 (16... Nf6 $5 $14) 17. a3 Kg8 18. Rac1 $16 {1-0 Romanishin,
O-Whiteley,A/Hastings 1976/EXT 99 (36)}) 13... exd4 14. Ne4 c6 (14... a5 $5 {
preventing the advance b2-b4.}) 15. Rfe1 ({Stronger would be} 15. b4 $1 {
transposing to the above mentioned game Romanishin-Whiteley.}) 15... a5 {
Black has got a reasonable position without many problems, although white's
position is more flexible and his king is more safe, than his counterpart.} 16.
Rac1 Nd5 ({A logical alternative is} 16... Be6 {[%cal Ye6d5]}) 17. a3 h5 $6 {
This move should not be recommended, since it weakens dark squares in black's
camp. Almost any other move would be preferable.} 18. Qc2 ({Comes into
consideration} 18. Rc4 Nb6 19. Rc5) 18... Nc7 19. h4 ({Dubious is} 19. e3 $6 {
as after} Ne6 {there is no clear continuation for white.}) 19... Re5 20. Ng5 a4
21. Qd2 Ne6 $6 {[%csl Rc8] After this move the black bishop remains passive.} (
{Possible was} 21... Bf5) 22. Nf3 Rb5 ({Can be recommended} 22... Qa5 $1 {
The exchange of queens is in black's favour, because his king is less safe,
than the white one.}) 23. Rc4 Qb6 24. Rb1 Bd7 25. Qc2 Raa5 26. Bh3 $1 {Forcing
the following concession.} f5 (26... Rd5 27. Rxa4 Rxa4 28. Bxe6 Bxe6 29. Qxa4 {
and white is a pawn ahead.}) 27. Rxa4 $1 {[%mdl 32] The most clear way to get
the advantage. The decision is based on great positional understanding.} Rxa4
28. Qxa4 Rxb2 29. Rxb2 Qxb2 {It looks like black can be satisfied with his
position, but in fact white keeps a serious advantage here, mainly because of
numerous weak fields in black's camp.} 30. Bf1 Qb6 31. Ne5 Qc7 32. f4 {[%csl
Ge5]} Bc8 $6 {Once again in this game black remains his bishop on passive
position.} (32... Be8 $1 {[%csl Rg6][%cal Ye8g6] The best square for the
bishop.} 33. Bg2 Kf8 34. Qa8 Ke7 {and black can successfully defend his
position.}) 33. Bg2 Kf6 34. Qa7 Bd7 35. a4 Be8 {Black finally executed the
right defensive manoeuvre, on the other hand white has achieved optimum
activity for his pieces.} 36. a5 Qc8 $2 {The last mistake in a tough position.}
({Possible was} 36... Ke7 37. a6 bxa6 38. Qxa6 {with big advantage for white.})
37. a6 $1 bxa6 {[%tqu "En","Find the best move.","","","g2c6","Now black's
position falls apart.",10]} 38. Bxc6 $1 {Now black's position falls apart.} Qc7
(38... Bxc6 $2 39. Qf7#) 39. Qxa6 Bxc6 40. Qxc6 Qa5 ({The endgame after} 40...
Qxc6 41. Nxc6 {[%csl Gc6,Rd4,Rg6] is hopeless. There is nothing to do against
the white's K march to c4, while black's K manoeuvre to d7 will be met by Ne5+
winning the Pg6.}) 41. Kf2 {[%csl Rf6][%cal Rc6e8]} (41. Kf2 Qd8 42. Nxg6 $18)
1-0

[Event "EU-ch 3rd"]
[Site "Batumi"]
[Date "2002.06.22"]
[Round "10"]
[White "Sturua, Zurab"]
[Black "Goloshchapov, Alexander"]
[Result "1-0"]
[WhiteElo "2565"]
[BlackElo "2543"]
[Annotator "Postny,E"]
[PlyCount "102"]
[EventDate "2002.06.12"]
[EventType "swiss"]
[EventRounds "13"]
[EventCountry "GEO"]
[SourceTitle "CBM 090"]
[Source "ChessBase"]
[SourceDate "2002.09.20"]
[SourceVersion "1"]
[SourceVersionDate "2002.09.20"]
[SourceQuality "1"]

1. c4 Nf6 2. Nc3 d5 3. cxd5 Nxd5 4. Nf3 g6 5. Qa4+ Nc6 {Another main line is 5.
..Bd7.} 6. Ne5 Ndb4 {The best continuation. Other moves are worse:} (6... Nb6
$2 7. Nxc6 Nxa4 8. Nxd8 Nxc3 9. Nxf7 Kxf7 10. dxc3 $16 {1-0 Krasenkow,
M-Azmaiparashvili,Z/Groningen 1997/CBM 63 (49)}) (6... Nxc3 $6 7. bxc3 Bd7 8.
Nxd7 Qxd7 9. g3 Bg7 10. Bg2 $14 {1-0 Vekshenkov,N-Korniushin,N/Tomsk 2001/CBM
82 ext (46)}) 7. a3 Bg7 8. axb4 Bxe5 9. b5 Nb8 10. g3 ({Another way of
development is} 10. e3 {, which is more popular. The examples you can find in
CBM 29 Survey Opening A16 [Ribli].}) 10... O-O 11. Bg2 c6 (11... Bg7 12. O-O c6
13. d3 a6 14. bxc6 Nxc6 15. Bxc6 bxc6 16. Qh4 Rb8 17. Na4 h5 $132 {1-0 Timman,
J-Tseshkovsky,V/Bled 1979/MCL (64)}) (11... Nd7 12. O-O Nc5 13. Qc2 Bf5 14. d3
a6 15. Be3 Nxd3 16. exd3 Bxd3 17. Qb3 Bxf1 18. Rxf1 axb5 19. Qxb5 $16 {1-0
Sherbakov,R-Pribyl,M/Belgorod 1991/TD (30)}) 12. O-O a6 13. bxc6 Nxc6 14. e3
$146 {[%cal Gd2d4] White is intending to play d2-d4 gaining more space, on the
other hand this move restricts the possibilities of white's dark-squared B.} (
14. Bxc6 bxc6 15. d3 Rb8 16. Re1 c5 17. Qa5 Bd4 {1/2-1/2 Sturua,Z-Turov,M/Open,
Dubai 2002 (17)}) ({The most natural continuation is:} 14. d3 Rb8 15. Bf4 Bxf4
16. Qxf4 $14 {1-0 Lopez Martinez,J-Moor,R/Zug 2001/CBM 86 no vc (42)}) 14...
Bxc3 15. bxc3 $1 {This recapture seems to be better, than 15.dc. White is
intending to build up a strong pawn centre, and the "b" file is opened for
white's heavy pieces as well.} (15. dxc3 Qc7 16. Qh4 Ne5 17. e4 Nd3 18. Bg5 f6
19. Bh6 Rd8 $132) 15... b5 $1 16. Qa3 Bb7 17. d4 Qd7 18. Bb2 $6 {[%csl Rb2]
This move is not really sound, the B is too passive on b2.} (18. e4 Rfc8 (18...
b4 $2 {is strongly met by} 19. Qb3 $1 bxc3 20. Be3 $16 {[%csl Gd4,Ge3,Ge4,Gg2]}
) 19. Bg5 $14 {[%csl Gg5]}) 18... Rfc8 $11 19. e4 a5 $1 20. Rfe1 a4 {[%cal
Yc6a5,Ya5c4]} 21. Bf1 b4 $6 {This decision is illogical, since white's
dark-squared B is becoming active now.} ({More consequent is} 21... Na5 22. Qb4
Nc4 {and the position is about equal.}) 22. cxb4 Nxd4 23. Rad1 (23. Red1 $143
e5 {[%csl Re4]}) 23... e5 24. b5 $1 Rd8 25. Bxd4 exd4 26. Bd3 {[%csl Ra4,Yb5,
Gd3,Rd4,Ye4][%cal Yd3b5,Yd3e4] From the first look white's B can be considered
as a passive one, but it provides important defensive facilities like the
protection of Pb5 and Pe4. On the other hand black's a4 and d4 pawns can not
be protected by B and may become weak.} Qd6 (26... Rdc8 $5 27. Qb4 {[%csl Ra4]
[%cal Gd1a1]} a3 28. Ra1 Rc3 29. Bf1 $14) 27. Ra1 Qxa3 28. Rxa3 Rdc8 $6 {
Connected with the wrong idea.} (28... Re8 29. Kf1 f5 30. e5 (30. exf5 $6 Bg2+
31. Kxg2 Rxe1 32. fxg6 hxg6) 30... Bd5 $14) 29. Rea1 Rc3 30. Rxc3 dxc3 31. Ra3
Kf8 (31... Rc8 32. Bc2 Rc5 $1 (32... Rc4 33. f3 f5 34. exf5 Bxf3 35. fxg6 hxg6
36. Rxa4 Rxa4 37. Bxa4 Be4 38. b6 $18) (32... f5 33. exf5 gxf5 34. Rxa4 Be4 35.
b6 Kf7 36. Bxe4 fxe4 37. b7 Rb8 38. Rxe4 Rxb7 39. Rc4 {and white should win
this endgame.}) 33. Rxa4 Rxb5 34. Rc4 $16) 32. f3 Ke7 $2 {After this moment
black's position can not be saved.} ({The only chance was:} 32... Rc8 33. Bc2 (
33. Ra2 $2 Rd8) 33... Rc5 34. Rxa4 Rxb5 35. Rc4 {almost like after 31...Rc8.})
33. Kf2 $18 {[%csl Ra4,Rc3,Gf2]} Kd6 (33... Rc8 34. Ra2 $1 (34. Bc2 Rc5 35.
Rxa4 Rxb5 36. Rc4 $16) 34... Rd8 35. Ke3 $18 {That's the main difference
between this variation and the variation in the previous comment [32...Rc8] -
The white K has joined the battle and black's passed PP are doomed.}) 34. Ke3
Kc5 (34... Rc8 35. Ra2 $1) 35. Rxc3+ Kb4 36. Rc7 a3 37. Bc4 Rc8 (37... f6 38.
Ba2 $18) 38. Rxc8 Bxc8 39. Bxf7 {This is also winning but requires some
calculation.} ({Simplier is} 39. Kd4 f6 40. f4 a2 41. Bxa2 Kxb5 42. e5) 39...
Kxb5 40. Kd4 Kb4 41. Ba2 Bd7 42. e5 Ba4 43. e6 Bb3 44. e7 {Just in time! The
rest is simple - white organize the second passed pawn on the "f" file.} Ba4
45. f4 h5 46. h3 Be8 47. g4 hxg4 48. hxg4 Kb5 49. Kd5 Kb4 50. Kd6 Kc3 51. Kc7
Kd4 (51... Kd4 52. Be6 Ke4 53. Kd8 Bb5 54. Bd7 $18) 1-0

[Event "RUS-chT 12th"]
[Site "Sochi"]
[Date "2005.04.23"]
[Round "5"]
[White "Sorokin, Maxim"]
[Black "Areshchenko, Alexander"]
[Result "1/2-1/2"]
[WhiteElo "2599"]
[BlackElo "2595"]
[Annotator "Postny,E"]
[PlyCount "95"]
[EventDate "2005.04.19"]
[EventType "team-tourn"]
[EventRounds "11"]
[EventCountry "RUS"]
[SourceTitle "EXT 2020"]
[Source "ChessBase"]
[SourceDate "2019.10.17"]
[SourceVersion "1"]
[SourceVersionDate "2019.10.17"]
[SourceQuality "1"]
[WhiteTeam "Samara Yunilain"]
[BlackTeam "Togliatti Lada"]
[WhiteTeamCountry "RUS"]
[BlackTeamCountry "RUS"]

1. c4 Nf6 2. Nc3 d5 3. cxd5 Nxd5 4. g3 g6 5. Bg2 Nb6 6. d3 Bg7 7. Be3 Nc6 $5 (
7... O-O {is the main and safe alternative.}) 8. Qd2 ({A principled
continuation is} 8. Bxc6+ {- see the annotated game Ruck,R-Nedev,T/Yerevan
2001/CBM 86 (1-0,25) [Postny,E]}) ({A solid alternative is} 8. Nf3 O-O 9. Qc1)
8... Nd4 $1 {At this point Black has to move the knight from c6.} ({Dubious is
} 8... O-O $6 {due to} 9. Bxc6 $1 bxc6 10. Bh6 {exchanging Black's key
defender. See the annotated game Lerner,K-Bagirov,R/Moscow 2002/CBM 88 [Postny,
E]}) 9. Nf3 (9. Rc1 e5 (9... Nf5 10. Bc5 O-O 11. e3 Re8 12. Nge2 e5 13. O-O c6
14. b3 a5 15. Rfd1 Nd7 16. Ba3 Nb6 17. Bc5 Nd7 $11 {1/2-1/2 Gritsak,O-Zezulkin,
J/Zakopane 2000 (41)}) 10. Bh6 O-O 11. Bxg7 Kxg7 12. e3 Ne6 13. Nf3 f6 14. O-O
c6 15. Rfd1 Qe7 16. b3 a5 17. Qb2 a4 18. Nd2 Rd8 19. Nc4 Qb4 20. Nxb6 Qxb6 21.
b4 $14 {1-0 Bischoff,K-Seger,R/Gladenbach 1997 (62)}) 9... e5 10. Rc1 (10. h4
h5 11. Rc1 c6 12. O-O Bg4 13. Ng5 O-O 14. Kh2 Qe7 15. Rce1 Rad8 16. Qc1 Nd7 17.
Nge4 Nc5 18. Nxc5 Qxc5 19. Bh6 Nb5 20. Bxg7 Kxg7 $11 {1/2-1/2 Conquest,
S-Areshchenko,A/Coventry 2005 (42)}) 10... O-O 11. O-O (11. Bh6 Re8 (11... Bxh6
12. Qxh6 f6 13. h4 c6 14. Qd2 Bg4 15. Nh2 Be6 16. h5 g5 17. e3 Nf5 18. g4 Nh4
19. Be4 f5 20. gxf5 Bxf5 21. Rg1 h6 22. Qe2 $13 {0-1 Redpath,J-Navara,D/
Balatonlelle 2001 (64)}) 12. h4 Bxh6 13. Qxh6 Nf5 14. Qd2 h5 15. Qg5 Qxg5 16.
hxg5 Nd6 17. Nd2 $14 {1-0 Talla,V-Dvorak,T/Czechia 2004 (50)}) 11... Re8 12.
Bh6 Bh8 {Actually, the exchange of the dark-squared bishops is not a disaster
for black in this position. Still, the continuation in the text is objectively
safer.} (12... Nxf3+ 13. Bxf3 c6 14. Bxg7 Kxg7 15. Rfd1 Be6 16. b4 a6 17. Qb2
f6 18. a4 Qe7 19. a5 Nd7 20. e3 Rad8 $11 {1/2-1/2 Teske,H-Tyomkin,D/Tarragona
2003 (31)}) 13. Nh4 $5 $146 {An odd-looking move. White opens the long
diagonal for his light-squared bishop, while the knight covers the f5 square
against black's possible Nf5 kicking the Bh6. Still, the move in the text does
not seems to be the best one, since white's awkwardly placed knight might be
exploited by Black in the long run.} (13. Nxd4 exd4 14. Ne4 c6 15. Rc2 Qe7 16.
Qa5 Be6 17. Qc5 Nd7 18. Qa5 Bd5 19. Qc7 Be5 20. Qxb7 a5 21. Nc5 Qxc5 22. Rxc5
Nxc5 23. Qb6 Na4 24. Qb7 Nc5 25. Qb6 Na4 {1/2-1/2 Grabinsky,V-Zezulkin,J/
Swidnica 2000}) 13... Ne6 14. b4 {Starting a typical plan of advancing the
pawn majority on the queenside.} c6 15. b5 Bd7 16. bxc6 Bxc6 17. Bxc6 bxc6 {
White created a weakness in black's camp (Pc6), but he had to concede the
exchange of the light-squared bishops, which seriously weakened the defence
near the white monarch.} 18. Ne4 ({Possible was} 18. Ng2 {transfering the
knight to better pastures.}) 18... f5 19. Ng5 Bf6 (19... e4 20. Nxe6 (20. Rxc6
$2 Nd4 21. Rc5 Qd6 {and suddenly White's rook is trapped.} 22. Rcc1 exd3 $19 {
[%csl Rc1,Rg1][%cal Gd4e2]}) 20... Rxe6 21. dxe4 Qxd2 22. Bxd2 Rxe4 $11) 20.
Nhf3 Rc8 21. h4 Nd4 22. Rc5 $6 {White is trying to play actively, but the rook
on c5 is vulnerable.} ({Safer would have been} 22. Nxd4 exd4 23. Nf3) 22... e4
$1 {The right time for the breakthrow in the centre. Black's pieces are placed
far more harmoniously than the white ones.} 23. dxe4 fxe4 24. Nh2 $2 {The
exchange on d4 was called for. After the move in the text White's position
becomes critical.} (24. Nxd4 Bxd4 25. Qf4 Qe7 26. Rc2 Nd5 27. Qg4 {Black
should be better, but the matters are far from clear.}) 24... Be7 $1 (24... Qd6
25. Ng4 Bxg5 26. Qxg5 (26. Rxg5 $2 Nf3+ 27. exf3 Qxd2 28. Rxg6+ hxg6 29. Bxd2
Nd5 $17) 26... Nxe2+ 27. Kg2 $44) 25. Rcc1 Nf5 26. Qxd8 Bxd8 27. Ng4 Nd5 28.
Nh3 (28. Rc4 e3 29. Rfc1 exf2+ 30. Kxf2 Bb6+ 31. Ke1 Nxg3 32. R1c2 (32. e4 Be3
$1 33. Nxe3 Nxe3 34. Rxc6 (34. Nxh7 Ng4 $19) 34... Rxc6 35. Rxc6 Ng4 $19 {
[%csl Rh6]}) 32... Be3 33. Ne4 Rxe4 34. Rxe4 Nxe4 35. Nxe3 $17) 28... Nxh6 ({
After} 28... Nd4 29. Kg2 (29. Rfe1 $2 Ba5 $19) 29... Nxe2 30. Rc4 {White has
reasonable compensation for the pawn.}) 29. Nxh6+ Kg7 30. Ng4 Bb6 31. Rfd1 h5
32. Nh2 Rcd8 33. Ng5 e3 34. f4 Nc3 35. Rxd8 (35. Re1 $2 Ba5 $19 {[%csl Rc1,Re1]
[%cal Gc3a2]}) 35... Nxe2+ 36. Kf1 Rxd8 37. Re1 (37. Ne6+ Kh6 38. Nxd8 Nxc1 39.
Nxc6 Nxa2 $19) 37... Nd4 $2 {Areshchenko goes for a safe move, which is not
enough for a win.} ({The critical continuation was:} 37... Nxg3+ 38. Kg2 Nf5
39. Ne6+ Kf7 40. Nxd8+ Bxd8 41. Nf3 (41. Rc1 Nxh4+ 42. Kf1 Bc7 {[%csl Rf4]})
41... Bxh4 42. Nxh4 Nxh4+ 43. Kf1 Nf5 44. Rc1 {On practice, this kind of
endgame is risky for both sides, but Fritz shows convincingly that Black's
knight + pawns overcome White's rook.} h4 45. Rxc6 h3 46. Rc2 Ng3+ 47. Kg1 e2
48. Rc1 Nh5 $19 {[%csl Ge2,Gh3][%cal Gh5f4]}) 38. Rxe3 Nf5 39. Ne6+ Kf6 40.
Nxd8 Nxe3+ 41. Ke2 Bxd8 $6 {The exchange of knights makes White's task easier.}
(41... Nf5 42. Nxc6 Nxg3+ 43. Kd3 Nf5 44. Nf3 Bf2 $15) 42. Kxe3 Kf5 43. Kf3 {
This endgame is equal.} Bf6 44. Nf1 Bd4 45. Nd2 Ke6 46. Ke4 Bf2 47. Kf3 Be1 48.
Ke4 {[%csl Rd2] Obviously a mistake in the scoresheet.} (48. Nc4 $11) 1/2-1/2

[Event "Moscow Aeroflot op"]
[Site "Moscow"]
[Date "2002.02.10"]
[Round "9"]
[White "Lerner, Konstantin Z"]
[Black "Bagirov, Rufat"]
[Result "1-0"]
[WhiteElo "2569"]
[BlackElo "2471"]
[Annotator "Postny,E"]
[PlyCount "49"]
[EventDate "2002.02.04"]
[EventType "swiss"]
[EventRounds "9"]
[EventCountry "RUS"]
[SourceTitle "CBM 088"]
[Source "ChessBase"]
[SourceDate "2002.03.21"]
[SourceVersion "1"]
[SourceVersionDate "2002.03.21"]
[SourceQuality "1"]

1. c4 Nf6 2. Nc3 d5 3. cxd5 Nxd5 4. g3 g6 5. Bg2 Nb6 6. d3 Bg7 7. Be3 O-O 8.
Qd2 Nc6 $6 {This is quite risky continuation from the strategical point of
view, since this move allows white to spoil black's pawnstructure by capturing
the Nc6. As practice shows it's very hard for black to exploit weak white
squares in opponents camp after the exchange. The alternatives are: 8...Re8, 8.
..N8d7, 8...e5.} 9. Bxc6 bxc6 10. Bh6 c5 11. h4 (11. Bxg7 Kxg7 12. Nf3 Bb7 13.
Qe3 c4 14. O-O-O Bxf3 15. exf3 cxd3 16. Rxd3 Qe8 17. h4 $16 {1-0 Serper,
G-Alterman,B/Manila 1992/TD (34)}) 11... Bb7 12. Rh2 Qd4 $6 $146 {Not such a
good idea, because black's Q is vulnerable here.} ({More playable is:} 12...
Bxh6 13. Qxh6 f6 {[%cal Yf8f7]} 14. Qe3 Qd4 15. Qe6+ Rf7 16. O-O-O Qd6 17. Qb3
a5 18. Ne4 Qc6 19. Nd2 a4 20. Qc2 a3 21. b3 Nd5 22. Kb1 $14 {1-0 Roos,
L-Bernard,J/Vichy 2000/EXT 2001 (51)}) 13. h5 $16 Rad8 (13... c4 14. Rh4 $16)
14. hxg6 hxg6 $6 ({Better practical chance for black is} 14... fxg6 {to open
the "f" file.}) 15. Rh4 Qf6 16. Bxg7 Qxg7 17. Qe3 {[%mdl 16] The Pc5 is doomed.
} c4 $1 {Black wants to open the "d" file in order to prevent from white
queenside castling.} 18. dxc4 e5 19. Nf3 e4 (19... Bxf3 20. Qxf3 (20. exf3 $6
Rd4 $1) 20... g5 {[%csl Rc4] an attempt to win a pawn back.} 21. Rh5 Nxc4 22.
Qg4 {[%csl Rc4,Rg5]} ({less clear is} 22. Ne4 $6 f6 23. Qb3 Rd4) 22... Rd4 23.
Qxg5 $16) 20. Nd2 {If white will successfully complete his development by
castling, black's position will be hopeless. Objectively speaking, there is
not much, that black can do anyway.} Rd4 (20... f5 21. O-O-O $18) 21. Ndxe4
Rxc4 (21... Nxc4 $2 22. Nf6+ Qxf6 23. Qxd4) 22. Qg5 $2 {Strange move.} (22.
O-O-O $18) 22... Rc6 $2 ({After} 22... f6 {black could get a counterplay.}) 23.
O-O-O $2 {Giving black another chance to get back into the game.} (23. Nc5 $18
Re8 $5 24. Re4 $1 (24. Nxb7 $2 Rxc3) 24... Rxe4 25. Qd8+ Kh7 26. N5xe4) 23...
f6 $2 {This just loses without a fight.} ({After} 23... f5 $1 {black could
come back into the game:} 24. Nd2 (24. Rd8 fxe4 25. Rf4 Rxc3+ 26. Kb1 Rc6 27.
Rdxf8+ Qxf8 28. Rxf8+ Kxf8 $15) 24... Nd5 $132) 24. Qb5 $1 {[%csl Rg8][%cal
Gb5b3,Gd1h1]} Re8 25. Qb3+ (25. Qb3+ Kf8 (25... Qf7 26. Rh8+ $1 $18 {[%csl Rf7]
}) 26. Rdh1) 1-0